[Event "Titled Tue 17th Jun Late"]
[Site "chess.com INT"]
[Date "2025.06.17"]
[Round "2"]
[White "Zilberstein, Dmitry"]
[Black "Tang, Andrew"]
[Result "0-1"]
[WhiteTitle "IM"]
[BlackTitle "GM"]
[WhiteElo "2358"]
[BlackElo "2529"]
[WhiteFideId "2010739"]
[BlackFideId "2059630"]
[EventDate "2025.06.17"]

1. d4 d5 2. c4 e6 3. Nf3 Nf6 4. g3 dxc4 5. Bg2 Nc6 6. O-O Rb8 7. Bg5 Be7 8. e3
O-O 9. Nbd2 b5 10. a4 a6 11. axb5 axb5 12. Bxf6 gxf6 13. Nh4 Nb4 14. b3 c3 15.
Ne4 Nd5 16. Nc5 f5 17. Qh5 b4 18. e4 fxe4 19. Bxe4 Nf6 20. Qg5+ Kh8 21. Qe5 Bd6
22. Qg5 Nxe4 23. Qxd8 Rxd8 24. Nxe4 Be7 25. Nf3 Bb7 26. Rfe1 Kg7 27. Ne5 Rxd4
28. f3 Rbd8 29. Nc4 Bxe4 30. fxe4 Bc5 31. Kg2 Rxc4 32. bxc4 b3 33. Re2 c2 0-1

[Event "Titled Tue 17th Jun Late"]
[Site "chess.com INT"]
[Date "2025.06.17"]
[Round "2"]
[White "Martinez Fernandez, Adrian"]
[Black "Askarov, Bakhtiyar"]
[Result "1-0"]
[WhiteTitle "IM"]
[BlackTitle "IM"]
[WhiteElo "2404"]
[BlackElo "2297"]
[WhiteFideId "32049048"]
[BlackFideId "13701100"]
[EventDate "2025.06.17"]

1. e4 c5 2. Nf3 e6 3. d4 cxd4 4. Nxd4 a6 5. Be2 Nf6 6. Nc3 Qc7 7. O-O Bc5 8. Kh1
Nc6 9. Nxc6 bxc6 10. f4 d6 11. e5 dxe5 12. fxe5 Qxe5 13. Bf4 Qd4 14. Qe1 O-O 15.
Rd1 Qb4 16. Be5 Be7 17. Qg3 Kh8 18. Rd4 Qc5 19. Ne4 Qxc2 20. Nxf6 Qxe2 21. Kg1
Qxf1+ 22. Kxf1 gxf6 23. Qh4 Rg8 24. Bxf6+ Bxf6 25. Qxf6+ Rg7 26. Rd8# 1-0

[Event "Titled Tue 17th Jun Late"]
[Site "chess.com INT"]
[Date "2025.06.17"]
[Round "2"]
[White "Alothman , Ali Layth Ahmed"]
[Black "Dobre, Claudiu-Cristian"]
[Result "0-1"]
[WhiteTitle "FM"]
[BlackTitle "IM"]
[WhiteElo "2179"]
[BlackElo "2287"]
[WhiteFideId "4801920"]
[BlackFideId "1211854"]
[EventDate "2025.06.17"]

1. Nf3 d6 2. d4 f5 3. Nc3 Nf6 4. Bf4 g6 5. e3 Bg7 6. h3 O-O 7. Bc4+ e6 8. Bh2
Qe7 9. O-O Kh8 10. Re1 Nc6 11. e4 fxe4 12. Nxe4 Nxe4 13. Rxe4 Qf6 14. Rf4 Qe7
15. Rxf8+ Qxf8 16. c3 Qf6 17. d5 exd5 18. Qxd5 Bd7 19. Re1 Rf8 20. Bg3 h6 21.
Qd2 g5 22. Nd4 Nxd4 23. cxd4 Re8 24. Rxe8+ Bxe8 25. Qe3 Bf7 26. Bxf7 Qxf7 27.
Qe4 d5 28. Qe3 c6 29. Be5 Kg8 30. g3 Qe6 31. g4 c5 32. Bxg7 Qxe3 33. fxe3 Kxg7
34. dxc5 a5 35. Kf2 Kf6 0-1

[Event "Titled Tue 17th Jun Late"]
[Site "chess.com INT"]
[Date "2025.06.17"]
[Round "2"]
[White "Zeliantsova, Kseniya"]
[Black "Melendez Manuel A."]
[Result "1-0"]
[WhiteTitle "WFM"]
[BlackTitle "FM"]
[WhiteElo "2062"]
[BlackElo "2154"]
[WhiteFideId "13512617"]
[BlackFideId "6706800"]
[EventDate "2025.06.17"]

1. e4 e5 2. Nf3 Nc6 3. Bb5 a6 4. Ba4 Nf6 5. d3 b5 6. Bb3 Bc5 7. O-O d6 8. c3 Bb6
9. h3 h6 10. Re1 g5 11. Nh2 Rg8 12. a4 Rb8 13. axb5 axb5 14. Na3 b4 15. Nc4 Bc5
16. Ba4 Bd7 17. d4 exd4 18. e5 dxc3 19. exf6+ Kf8 20. bxc3 bxc3 21. Ng4 h5 22.
Nh6 Rg6 23. Bxc6 Bxc6 24. Qxh5 Bxf2+ 25. Kxf2 Qxf6+ 26. Kg1 Rxh6 27. Qxg5 Qd4+
28. Be3 Rg6 29. Qxg6 Qxe3+ 30. Nxe3 fxg6 31. Rec1 1-0

[Event "Titled Tue 17th Jun Late"]
[Site "chess.com INT"]
[Date "2025.06.17"]
[Round "2"]
[White "Jasinski, Alexander"]
[Black "Uyanga, Byambaa"]
[Result "1-0"]
[BlackTitle "WFM"]
[WhiteElo "1989"]
[BlackElo "2006"]
[WhiteFideId "55627994"]
[BlackFideId "2054906"]
[EventDate "2025.06.17"]

1. e4 c5 2. Nf3 d6 3. Bb5+ Nd7 4. d4 cxd4 5. Qxd4 Nf6 6. Bg5 h6 7. Bxf6 gxf6 8.
c4 a6 9. Bxd7+ Bxd7 10. Nc3 Bg7 11. O-O O-O 12. Qd3 e6 13. Qxd6 Bc6 14. Qxd8
Rfxd8 15. Rad1 Kf8 16. Nd4 Be8 17. Rd3 Rac8 18. Rfd1 Ke7 19. b3 b5 20. cxb5 f5
21. Nce2 fxe4 22. R3d2 axb5 23. g3 f5 24. a4 bxa4 25. bxa4 Bxa4 26. Ra1 Rc4 27.
Rxa4 Rxa4 28. Nc6+ Kf7 29. Nxd8+ Kg6 30. Nxe6 Be5 31. N6f4+ Kf6 32. Kg2 Ra3 33.
Rc2 e3 34. fxe3 Rxe3 35. Nd5+ 1-0

[Event "Titled Tue 17th Jun Late"]
[Site "chess.com INT"]
[Date "2025.06.17"]
[Round "2"]
[White "Sanal, Vahap"]
[Black "Manukyan, Sargis A."]
[Result "1-0"]
[WhiteTitle "GM"]
[BlackTitle "FM"]
[WhiteElo "2564"]
[BlackElo "2294"]
[WhiteFideId "6300545"]
[BlackFideId "13303970"]
[EventDate "2025.06.17"]

1. e4 c5 2. Nf3 d6 3. Bb5+ Bd7 4. Bxd7+ Qxd7 5. c4 Nc6 6. Nc3 Nf6 7. d4 cxd4 8.
Nxd4 g6 9. f3 Bg7 10. Be3 O-O 11. O-O Rfd8 12. Rc1 e6 13. b3 d5 14. cxd5 exd5
15. Nxc6 bxc6 16. e5 Nh5 17. Bd4 c5 18. Bxc5 Bxe5 19. Bd4 Bg7 20. Ne2 Bh6 21.
Rc2 Nf4 22. Nxf4 Bxf4 23. Qd3 Rac8 24. Rxc8 Qxc8 25. Re1 Qc7 26. g3 Bh6 27. Qe2
Bg7 28. Qb2 Bxd4+ 29. Qxd4 Qb6 30. Rd1 Qxd4+ 31. Rxd4 Kf8 32. Kf2 Ke7 33. Ra4
Rd7 34. Ke3 Rc7 35. Kd4 Kf6 36. Kxd5 h5 37. h4 Rc3 38. Rxa7 Rxf3 39. b4 Rxg3 40.
b5 g5 41. hxg5+ Rxg5+ 42. Kc6 Rg1 43. b6 Rc1+ 44. Kd7 Rd1+ 45. Kc7 Rc1+ 46. Kb8
h4 47. Ra3 Kg5 48. b7 f5 49. Ka8 Rb1 50. Rb3 Rxb3 51. axb3 h3 52. b8=Q f4 53.
Qb7 Kh4 54. Qf3 h2 55. Qxf4+ Kh3 56. Qf3+ Kh4 57. b4 Kg5 58. b5 1-0

[Event "Titled Tue 17th Jun Late"]
[Site "chess.com INT"]
[Date "2025.06.17"]
[Round "2"]
[White "Lagarde, Maxime"]
[Black "Vaganian, Rafael A"]
[Result "0-1"]
[WhiteTitle "GM"]
[BlackTitle "GM"]
[WhiteElo "2621"]
[BlackElo "2449"]
[WhiteFideId "662399"]
[BlackFideId "13300016"]
[EventDate "2025.06.17"]

1. d4 e6 2. Nf3 Nf6 3. Bg5 Be7 4. Nbd2 d5 5. e3 h6 6. Bf4 c5 7. c3 Nc6 8. Bd3
Nh5 9. Be5 c4 10. Bc2 b5 11. h3 Nxe5 12. dxe5 g6 13. g4 Ng7 14. Nd4 Bd7 15. f4
b4 16. Qf3 bxc3 17. bxc3 Qa5 18. e4 Bh4+ 19. Ke2 Rb8 20. Rab1 O-O 21. exd5 Qxd5
22. Qxd5 exd5 23. Rxb8 Rxb8 24. Rb1 Rxb1 25. Bxb1 h5 26. Kf3 hxg4+ 27. hxg4 Be1
28. Ke2 Bxd2 29. Kxd2 Bxg4 30. Ke3 Ne6 31. Nxe6 Bxe6 32. Kd4 Kg7 33. Bc2 f6 34.
Bd1 Kf7 35. Bf3 g5 36. Bh5+ Kf8 37. exf6 g4 38. Ke5 g3 39. Bf3 Bh3 40. Kxd5 Kf7
41. Kxc4 Kxf6 42. Kc5 Kf5 43. Kd6 Kxf4 44. Bh1 Bg4 45. Bg2 Ke3 46. c4 Kf2 47.
Be4 Bf3 48. Bxf3 Kxf3 49. c5 g2 50. c6 g1=Q 51. c7 Qb6+ 0-1

[Event "Titled Tue 17th Jun Late"]
[Site "chess.com INT"]
[Date "2025.06.17"]
[Round "2"]
[White "Estrada Nieto, Julian"]
[Black "Jing, Andrew"]
[Result "1/2-1/2"]
[WhiteTitle "IM"]
[BlackTitle "FM"]
[WhiteElo "2181"]
[BlackElo "2292"]
[WhiteFideId "5101018"]
[BlackFideId "30984076"]
[EventDate "2025.06.17"]

1. e4 e5 2. Nf3 Nc6 3. Bb5 a6 4. Ba4 Nf6 5. O-O d6 6. Re1 Bd7 7. Bxc6 Bxc6 8.
Nc3 g6 9. d4 Bg7 10. dxe5 dxe5 11. Nxe5 Qxd1 12. Rxd1 Bxe4 13. Re1 O-O 14. Nxe4
Nxe4 15. Rxe4 Rfe8 16. Bf4 f6 17. Rae1 fxe5 18. Bxe5 Bxe5 19. Rxe5 Rxe5 20. Rxe5
Kf7 21. Kf1 Rd8 22. Ke2 Rd4 23. g3 Kf6 24. f4 h5 25. c3 Ra4 26. a3 Rc4 27. Kd3
Rc6 28. Rd5 Re6 29. Rd7 Rc6 30. Kd4 Ke6 31. Rg7 Kf5 32. h3 h4 33. gxh4 Kxf4 34.
Rh7 Rd6+ 35. Kc4 Rc6+ 36. Kd3 Kg3 37. h5 g5 38. Rg7 Kh4 39. Ke4 Kxh5 40. Kf5
Rc5+ 41. Kf6 Kh4 42. Rh7+ Kg3 43. Ke7 Rb5 44. b4 Rb6 45. Kd8 Rc6 46. Rh5 Kf4 47.
Kc8 b6 48. Kb7 Rxc3 49. a4 Rc4 50. a5 Rxb4 51. Kxa6 Ra4 52. Kb7 Rxa5 53. Kxc7
Rb5 54. h4 Kg4 55. Rxg5+ Rxg5 56. hxg5 Kxg5 57. Kxb6 1/2-1/2

[Event "Titled Tue 17th Jun Late"]
[Site "chess.com INT"]
[Date "2025.06.17"]
[Round "2"]
[White "Rodriguez, Santiago"]
[Black "Jedryczka, Krystian"]
[Result "1-0"]
[WhiteTitle "CM"]
[WhiteElo "2252"]
[BlackElo "2079"]
[WhiteFideId "3000591"]
[BlackFideId "1109472"]
[EventDate "2025.06.17"]

1. d4 f5 2. e4 fxe4 3. Nc3 Nf6 4. g4 d5 5. g5 Bg4 6. Be2 Bxe2 7. Qxe2 Ng8 8.
Qb5+ Nd7 9. Qxb7 e6 10. Bf4 Bd6 11. Bxd6 cxd6 12. Nb5 Rb8 13. Nxd6+ Ke7 14. Qa6
Nb6 15. Nb5 Nc8 16. Nxa7 Nxa7 17. Qxa7+ Kf8 18. Ne2 Ne7 19. Qa3 Qb6 20. b3 Kf7
21. f3 exf3 22. Rf1 Nf5 23. Rxf3 Rhf8 24. O-O-O Kg8 25. Rdf1 Rfc8 26. Qb2 Qb5
27. Ng3 Nd6 28. Qa3 Nc4 29. bxc4 Qxc4 30. R1f2 Rb4 31. Rb3 Qxd4 32. Qxb4 Qxf2
33. Rc3 Qg1+ 34. Kb2 1-0

[Event "Titled Tue 17th Jun Late"]
[Site "chess.com INT"]
[Date "2025.06.17"]
[Round "2"]
[White "Craciun, Sasha-Matei"]
[Black "Modric, Nesa"]
[Result "1-0"]
[WhiteTitle "FM"]
[BlackTitle "CM"]
[WhiteElo "2320"]
[BlackElo "2088"]
[WhiteFideId "1281186"]
[BlackFideId "922579"]
[EventDate "2025.06.17"]

1. e4 c6 2. d4 d5 3. Nc3 dxe4 4. Nxe4 Nf6 5. Ng5 h6 6. Nxf7 Kxf7 7. Nf3 Ke8 8.
Bd3 Bg4 9. Ne5 Qc8 10. Bg6+ Kd8 11. Nf7+ Kc7 12. Bf4+ Kb6 13. Qd3 Qe6+ 14. Kf1
a5 15. Re1 Qxa2 16. c4 Na6 17. h3 Nb4 18. Qc3 Bd7 19. Nxh8 e6 20. c5+ Ka7 21.
Bb1 Qd5 22. Bc7 Ne4 23. Bb6+ Kb8 24. Bxe4 Qg5 25. Nf7 Qf6 26. Qg3+ Kc8 27. Qc7# 1-0

[Event "Titled Tue 17th Jun Late"]
[Site "chess.com INT"]
[Date "2025.06.17"]
[Round "2"]
[White "Smieszek, Wojciech"]
[Black "Kharitonov, Sergei"]
[Result "1-0"]
[WhiteTitle "CM"]
[BlackTitle "CM"]
[WhiteElo "2141"]
[BlackElo "2014"]
[WhiteFideId "1156047"]
[BlackFideId "4129750"]
[EventDate "2025.06.17"]

1. e4 c5 2. Nf3 d6 3. d4 cxd4 4. Nxd4 Nf6 5. Nc3 a6 6. Be3 e5 7. Nb3 Be6 8. Qd2
Nbd7 9. O-O-O Rc8 10. f4 Ng4 11. g3 Nxe3 12. Qxe3 Qc7 13. f5 Bc4 14. Bxc4 Qxc4
15. Qd3 Nf6 16. Qxc4 Rxc4 17. Rhe1 g6 18. Na5 Rc7 19. Nd5 Nxd5 20. Rxd5 gxf5 21.
exf5 h5 22. b3 Rg8 23. Nc4 Rc6 24. Red1 h4 25. f6 hxg3 26. hxg3 Rg6 27. Nxe5
Rxf6 28. Nxc6 bxc6 29. Ra5 d5 30. Rxa6 Bc5 31. Ra8+ Kd7 32. a4 Rf3 33. a5 Rxg3
34. a6 Kc7 35. Rf1 Ba3+ 36. Kb1 Kb6 37. Ka2 Bc5 38. Rxf7 Bd4 39. Rb7+ Kc5 40.
b4+ Kc4 41. Rc8 1-0

[Event "Titled Tue 17th Jun Late"]
[Site "chess.com INT"]
[Date "2025.06.17"]
[Round "2"]
[White "Jagirapu, Harshin Reddy"]
[Black "Xiong, Jeffery"]
[Result "0-1"]
[BlackTitle "GM"]
[WhiteElo "2042"]
[BlackElo "2639"]
[WhiteFideId "39910679"]
[BlackFideId "2047640"]
[EventDate "2025.06.17"]

1. d4 Nf6 2. Nf3 e6 3. c4 d5 4. g3 Bb4+ 5. Bd2 Be7 6. Bg2 O-O 7. O-O c6 8. Qc2
Ne4 9. Bf4 Nd7 10. Nc3 g5 11. Bc1 f5 12. Ne1 Nd6 13. cxd5 exd5 14. Nd3 Bf6 15.
e3 h5 16. b3 Re8 17. f4 g4 18. Ne5 Nb6 19. Ba3 h4 20. Rf2 Kg7 21. Bf1 Rh8 22.
Bd3 Ne4 23. Nxe4 dxe4 24. Bc4 Nd5 25. Bxd5 Qxd5 26. Qc4 Be6 27. Qxd5 Bxd5 28.
Nd7 hxg3 29. hxg3 Rh3 30. Nxf6 Rxg3+ 31. Rg2 Rxg2+ 32. Kxg2 Kxf6 33. Rh1 a5 34.
Bc5 a4 35. Rh6+ Kg7 36. Rd6 axb3 37. axb3 Ra2+ 38. Kg3 Re2 39. Rd7+ Kg6 40. Rd6+
Kh5 41. Rf6 Rxe3+ 42. Kg2 g3 43. Rxf5+ Kg4 44. Rg5+ Kxf4 45. Rg7 Re2+ 46. Kf1
Rf2+ 47. Kg1 e3 48. Bd6+ Ke4 49. Rxg3 Rb2 50. b4 Rb1+ 51. Kg2 Kf5+ 52. Rf3+ Kg4 0-1

[Event "Titled Tue 17th Jun Late"]
[Site "chess.com INT"]
[Date "2025.06.17"]
[Round "2"]
[White "Rojas Alarcon, Julian Antonio"]
[Black "Ersahin, Bulent"]
[Result "1-0"]
[WhiteTitle "FM"]
[BlackTitle "CM"]
[WhiteElo "2365"]
[BlackElo "2106"]
[WhiteFideId "5107407"]
[BlackFideId "6302670"]
[EventDate "2025.06.17"]

1. d4 Nf6 2. c4 c5 3. Nf3 cxd4 4. Nxd4 e5 5. Nb5 d5 6. cxd5 Bc5 7. e3 O-O 8.
N5c3 e4 9. Be2 Re8 10. a3 a6 11. b4 Bd6 12. Bb2 Nbd7 13. Nd2 Nb6 14. Nc4 Nxc4
15. Bxc4 Bf5 16. h3 Rc8 17. Bb3 Be5 18. Rc1 h6 19. Qd2 a5 20. O-O axb4 21. axb4
Bb8 22. Nb5 Qb6 23. Ba4 Red8 24. Rxc8 Bxc8 25. Bd4 Qa6 26. Ra1 Rxd5 27. Qc3 Bd7
28. Nc7 Qd6 29. Nxd5 Nxd5 30. Qc2 Qh2+ 31. Kf1 Nxe3+ 32. Bxe3 Qh1+ 33. Ke2 Qxa1
34. Bxd7 Bd6 35. Qxe4 Qa2+ 36. Kf3 g6 37. g4 Qa1 38. Kg2 Qb2 39. Qxb7 Bxb4 40.
Be8 Qb3 41. Bxf7+ Qxf7 42. Qxb4 Qd5+ 43. Kh2 Qe5+ 44. Qf4 1-0

[Event "Titled Tue 17th Jun Late"]
[Site "chess.com INT"]
[Date "2025.06.17"]
[Round "2"]
[White "Rosen, Eric"]
[Black "Alvarado, Carlos"]
[Result "0-1"]
[WhiteTitle "IM"]
[BlackTitle "CM"]
[WhiteElo "2377"]
[BlackElo "2032"]
[WhiteFideId "2032562"]
[BlackFideId "3800555"]
[EventDate "2025.06.17"]

1. d4 Nf6 2. Bf4 d6 3. Nc3 g6 4. e4 Bg7 5. Qd2 c6 6. Bh6 Bxh6 7. Qxh6 Qb6 8.
O-O-O Nbd7 9. f3 a5 10. e5 dxe5 11. dxe5 Nxe5 12. Re1 Ned7 13. Nh3 a4 14. a3 Ra5
15. Bc4 Qc5 16. Ba2 e6 17. Ne4 Nxe4 18. Rxe4 Kd8 19. Qg7 Qf8 20. Qc3 Rc5 21. Qd2
Kc7 22. Rxa4 h5 23. Rd1 Qh6 24. f4 Qf8 25. Ng5 Qe7 26. Nxf7 Qxf7 27. Qd6+ Kb6
28. Qd4 Qf6 29. Qe3 Qf5 30. b4 Qxc2# 0-1

[Event "Titled Tue 17th Jun Late"]
[Site "chess.com INT"]
[Date "2025.06.17"]
[Round "2"]
[White "Antoniou, Rafail"]
[Black "Bukreev, Stanislav"]
[Result "1-0"]
[WhiteTitle "CM"]
[BlackTitle "FM"]
[WhiteElo "2134"]
[BlackElo "2305"]
[WhiteFideId "5904390"]
[BlackFideId "34252347"]
[EventDate "2025.06.17"]

1. e4 e6 2. d4 d5 3. exd5 exd5 4. Bd3 Nc6 5. c3 Bd6 6. Nf3 Nge7 7. O-O O-O 8.
Re1 Bf5 9. Bxf5 Nxf5 10. Qd3 Nce7 11. Nbd2 c6 12. Nf1 Re8 13. Ng3 Nxg3 14. hxg3
f6 15. Bf4 Qd7 16. Bxd6 Qxd6 17. Re2 a5 18. Rae1 Qd7 19. Nh4 a4 20. a3 b5 21.
Nf5 Ng6 22. Rxe8+ Rxe8 23. Rxe8+ Qxe8 24. Qe3 Qd7 25. g4 Kf7 26. g3 Nf8 27. Kg2
Ne6 28. Qe1 g6 29. Ne3 Nc7 30. Qh1 Kg7 31. Qh4 Qe7 32. Qh1 Ne8 33. Kh2 Nd6 34.
Qf3 Qe6 35. Qf4 g5 36. Qxd6 Qxd6 37. Nf5+ Kf7 38. Nxd6+ Ke6 39. Nf5 Kf7 40. Kg2
Ke6 41. Ne3 Kd6 42. f4 Ke6 43. Kf3 Kd6 44. Nf5+ Ke6 45. fxg5 fxg5 46. Ne3 Kd6
47. Ng2 Ke6 48. Ne1 Ke7 49. Nd3 Kd6 50. Ne5 c5 51. Nf7+ Kc6 52. Nxg5 b4 53. cxb4
cxd4 54. Ne6 Kb5 55. Nxd4+ Kc4 56. b5 Kxd4 57. b6 Kc4 58. b7 Kb3 59. b8=Q+ Ka2
60. Ke3 h5 61. gxh5 Kb1 62. Kd4 Ka2 63. g4 Kb1 64. g5 Ka2 65. g6 Kb1 66. h6 Ka2
67. g7 Kb1 68. g8=Q Ka2 69. Qxd5+ Kb1 70. Qb4 Ka1 71. Qe1+ Kxb2 72. Qb5+ Kc2 73.
Qbb1# 1-0

[Event "Titled Tue 17th Jun Late"]
[Site "chess.com INT"]
[Date "2025.06.17"]
[Round "2"]
[White "Mansurova, Mumtozbegim"]
[Black "Garcia, Jhoel"]
[Result "0-1"]
[WhiteTitle "WCM"]
[BlackTitle "IM"]
[WhiteElo "1800"]
[BlackElo "2293"]
[WhiteFideId "14215780"]
[BlackFideId "3801110"]
[EventDate "2025.06.17"]

1. d4 e6 2. Nc3 d5 3. Bf4 Bd6 4. e3 Bxf4 5. exf4 Nf6 6. Nf3 O-O 7. Ne5 c5 8.
dxc5 Nbd7 9. c6 bxc6 10. Nxc6 Qb6 11. Ne7+ Kh8 12. Nxc8 Rfxc8 13. Rb1 Qb4 14.
Qd2 Ne4 15. Nxe4 Qxe4+ 16. Qe2 Qxc2 17. Qxc2 Rxc2 18. Bd3 Rc7 19. O-O Nc5 20.
Bc2 g6 21. Rfd1 Kg7 22. b4 Nd7 23. Bd3 Nb6 24. Kf1 Rc3 25. Ke2 Rac8 26. Kd2 d4
27. Rbc1 Nd5 28. Rxc3 dxc3+ 29. Kc2 Nxb4+ 30. Kc1 c2 0-1

[Event "Titled Tue 17th Jun Late"]
[Site "chess.com INT"]
[Date "2025.06.17"]
[Round "2"]
[White "Ambartsumian, Tyhran"]
[Black "Domingo Nunez, Alejandro"]
[Result "0-1"]
[WhiteTitle "CM"]
[BlackTitle "FM"]
[WhiteElo "2244"]
[BlackElo "2340"]
[WhiteFideId "34161112"]
[BlackFideId "22245561"]
[EventDate "2025.06.17"]

1. e4 g6 2. d4 Bg7 3. Nc3 c6 4. a4 d5 5. Nf3 dxe4 6. Nxe4 Nf6 7. Nxf6+ exf6 8.
c3 O-O 9. Be2 a5 10. O-O Na6 11. h3 Re8 12. Bf4 Nc7 13. Nd2 Nd5 14. Bh2 Bf8 15.
Nc4 b5 16. axb5 cxb5 17. Nd2 Qb6 18. Qb3 Rxe2 19. Qxd5 Bb7 20. Qb3 Rxd2 21. Bf4
Qc6 22. f3 a4 23. Qa2 Re2 24. Rae1 Rae8 25. Qb1 Qc4 26. Rxe2 Qxe2 27. Bg3 Qc4
28. Re1 Re2 29. Qd1 Rxe1+ 30. Qxe1 Bc6 31. Bh4 g5 32. Bg3 h5 33. h4 Qe6 34. Qd2
g4 35. Kf2 Qf5 36. Qe2 Bh6 37. Bd6 gxf3 38. gxf3 Bf4 39. Bc5 Qh3 40. Qe7 Qxf3+
41. Ke1 Qe4+ 0-1

[Event "Titled Tue 17th Jun Late"]
[Site "chess.com INT"]
[Date "2025.06.17"]
[Round "2"]
[White "Tymrakiewicz, Rafal"]
[Black "Bardyk, Artem"]
[Result "0-1"]
[WhiteTitle "FM"]
[BlackTitle "FM"]
[WhiteElo "2206"]
[BlackElo "2260"]
[WhiteFideId "1108832"]
[BlackFideId "34349979"]
[EventDate "2025.06.17"]

1. d4 Nf6 2. Bg5 b6 3. Nd2 Bb7 4. e3 g6 5. Bxf6 exf6 6. Ngf3 Bg7 7. g3 O-O 8.
Bg2 Ba6 9. c4 d5 10. cxd5 Nd7 11. Qb3 f5 12. Rc1 Nf6 13. Ne5 Re8 14. d6 cxd6 15.
Nxf7 Qe7 16. Nxd6+ Kf8 17. Nxe8 Rxe8 18. Qa3 Qxa3 19. bxa3 Ng4 20. h3 Nxe3 21.
fxe3 Rxe3+ 22. Kd1 Be2+ 23. Kc2 Bxd4 24. Nb3 Bf6 25. Rhe1 Bd3+ 26. Kd2 Rxg3 27.
Bf1 Bg5+ 28. Kd1 Bxc1 29. Bxd3 Rxd3+ 30. Kxc1 Rxh3 31. Nd4 Rxa3 32. Kb2 Rg3 33.
Ne6+ Kf7 34. Nd8+ Kf8 35. Ne6+ Kg8 36. Nf4 Rf3 37. Nd5 h5 38. Re7 Kf8 39. Rxa7
h4 40. Rh7 h3 41. Nf6 Rd3 42. Kc2 Rd6 43. Nd7+ Kg8 44. Re7 h2 0-1

[Event "Titled Tue 17th Jun Late"]
[Site "chess.com INT"]
[Date "2025.06.17"]
[Round "2"]
[White "Medina Paz, Miguel"]
[Black "Manvelyan, Mikayel"]
[Result "0-1"]
[WhiteTitle "IM"]
[BlackTitle "FM"]
[WhiteElo "2368"]
[BlackElo "2362"]
[WhiteFideId "7300379"]
[BlackFideId "13310143"]
[EventDate "2025.06.17"]

1. d4 Nf6 2. c4 e6 3. Nf3 d5 4. Nc3 Be7 5. Bg5 O-O 6. e3 b6 7. cxd5 exd5 8. Bd3
Bb7 9. O-O Ne4 10. Bxe4 dxe4 11. Bxe7 Qxe7 12. Nd2 Nd7 13. Qc2 Rae8 14. Rac1 c5
15. Nb3 cxd4 16. Nxd4 Nc5 17. Rcd1 Qg5 18. Nce2 Nd3 19. b4 Nxb4 20. Qc7 Re7 21.
Qd6 Nd3 22. Ng3 g6 23. h4 Qe5 24. Qa3 Qc5 25. Qb3 Bd5 26. Qa4 Nb2 27. Nb3 Nxa4
28. Nxc5 Nc3 29. Rc1 Nxa2 30. Rcd1 Bc4 31. Ncxe4 Bxf1 32. Kxf1 b5 33. h5 Kg7 34.
f4 Rfe8 35. Ng5 Rxe3 36. h6+ Kxh6 37. Nh1 Kg7 38. Nf2 Nc3 39. Rc1 b4 40. Ng4
R3e7 41. f5 0-1

[Event "Titled Tue 17th Jun Late"]
[Site "chess.com INT"]
[Date "2025.06.17"]
[Round "2"]
[White "Mayaud, Raphael"]
[Black "Wu, William"]
[Result "0-1"]
[WhiteTitle "CM"]
[WhiteElo "2126"]
[BlackElo "1998"]
[WhiteFideId "627151"]
[BlackFideId "39940411"]
[EventDate "2025.06.17"]

1. d4 d5 2. Nf3 Nf6 3. c4 c6 4. Nc3 e6 5. Bg5 Nbd7 6. e3 Qa5 7. Bxf6 Nxf6 8. Bd3
Bd6 9. Qc2 h6 10. O-O O-O 11. e4 dxe4 12. Nxe4 Nxe4 13. Bxe4 Qc7 14. h3 Be7 15.
Rac1 Rb8 16. Rfd1 Rd8 17. Qe2 Bf6 18. Bb1 b6 19. Qe4 g6 20. h4 h5 21. Ne5 Bb7
22. c5 Rd5 23. cxb6 axb6 24. f4 Rbd8 25. g4 c5 26. Qc2 Rxd4 27. Rxd4 Rxd4 28.
Nxg6 Be4 29. Qe2 Bxg6 30. Bxg6 Qxf4 31. Rf1 Qxg4+ 32. Qxg4 Rxg4+ 33. Kf2 Rxg6
34. Rd1 Bd4+ 35. Kf3 Rg1 36. Rd2 f5 37. Re2 Kf7 38. a4 Kf6 39. Rd2 e5 40. b4 e4+
41. Ke2 Rg2+ 0-1

[Event "Titled Tue 17th Jun Late"]
[Site "chess.com INT"]
[Date "2025.06.17"]
[Round "2"]
[White "Krzywda, Andrzej"]
[Black "Lazaro Azcutia, Miguel"]
[Result "0-1"]
[WhiteTitle "CM"]
[BlackTitle "CM"]
[WhiteElo "2175"]
[BlackElo "2275"]
[WhiteFideId "1114565"]
[BlackFideId "54538254"]
[EventDate "2025.06.17"]

1. d4 d5 2. c4 e6 3. Nc3 Nf6 4. cxd5 exd5 5. Bg5 c6 6. e3 h6 7. Bh4 Bd6 8. Qc2
O-O 9. Bd3 Re8 10. Nge2 a5 11. h3 Na6 12. a3 Nc7 13. O-O Ne6 14. Rae1 Ng5 15. f4
Nxh3+ 16. gxh3 Rxe3 17. Bf5 g5 18. Bf2 Rxh3 19. Bxh3 Bxh3 20. Qd3 Qd7 21. Qg3
Nh5 22. Qh2 Qg4+ 23. Kh1 Qf3+ 24. Kg1 Qg4+ 25. Kh1 Nxf4 26. Qg3 Qh5 27. Rg1 Bg2# 0-1

[Event "Titled Tue 17th Jun Late"]
[Site "chess.com INT"]
[Date "2025.06.17"]
[Round "2"]
[White "Oro, Faustino"]
[Black "Mujumdar, Sameer"]
[Result "1-0"]
[WhiteTitle "IM"]
[WhiteElo "2465"]
[BlackElo "2043"]
[WhiteFideId "20000197"]
[BlackFideId "2029707"]
[EventDate "2025.06.17"]

1. e4 c5 2. Nf3 d6 3. Bc4 Nf6 4. d3 Nc6 5. O-O g6 6. c3 Bg7 7. Bb3 O-O 8. Re1 b5
9. h3 e5 10. d4 Qc7 11. a4 b4 12. Bg5 Rb8 13. dxc5 dxc5 14. Nbd2 Na5 15. Bxf6
Bxf6 16. Bd5 bxc3 17. bxc3 Ba6 18. Qc2 Kg7 19. Nf1 Rb6 20. Ne3 Rfb8 21. Rab1
Rxb1 22. Rxb1 Rxb1+ 23. Qxb1 Qb6 24. Qa2 Qc7 25. Ng4 h5 26. Nxf6 Kxf6 27. Qd2
Kg7 28. Qg5 f6 29. Qg3 Bb7 30. Nh4 g5 31. Nf5+ Kg6 32. Qd3 c4 33. Qd1 Bxd5 34.
Qxd5 Qb8 35. Ne7+ Kg7 36. Qxa5 Qb1+ 37. Kh2 Qxe4 38. Qxa7 Qf4+ 39. g3 Qd2 40.
Qe3 Qd7 41. Qc5 Qd2 42. Nf5+ Kg6 43. Nd6 h4 44. g4 Qf4+ 45. Kg2 e4 46. Qf5+ 1-0

[Event "Titled Tue 17th Jun Late"]
[Site "chess.com INT"]
[Date "2025.06.17"]
[Round "2"]
[White "Arakelyan, Manvel"]
[Black "Salem, A.R. Saleh"]
[Result "0-1"]
[WhiteTitle "FM"]
[BlackTitle "GM"]
[WhiteElo "2326"]
[BlackElo "2627"]
[WhiteFideId "13317415"]
[BlackFideId "9301348"]
[EventDate "2025.06.17"]

1. e4 c5 2. Nf3 d6 3. Bb5+ Nd7 4. a4 Nf6 5. Nc3 a6 6. Be2 b6 7. d4 cxd4 8. Qxd4
Bb7 9. O-O e6 10. Rd1 Be7 11. Be3 O-O 12. Nd2 Qc7 13. Nc4 d5 14. Nxb6 e5 15.
Ncxd5 Bxd5 16. Nxd5 exd4 17. Nxc7 dxe3 18. Nxa8 exf2+ 19. Kxf2 Rxa8 20. Bf3 Rb8
21. b3 a5 22. Rd2 g5 23. h3 h5 24. g4 hxg4 25. hxg4 Ne5 26. Kg3 Rc8 27. Rad1 Rc3
28. Rd3 Nxd3 29. cxd3 Bd6+ 30. Kf2 Rxb3 31. d4 Rb2+ 32. Ke3 Bf4+ 33. Kd3 Rb3+
34. Ke2 Re3+ 35. Kf2 Nxe4+ 36. Bxe4 Rxe4 37. d5 Bd6 38. Rb1 Rxa4 39. Rb5 Kg7 40.
Kf3 Rf4+ 41. Ke3 a4 42. Ra5 a3 43. Ra7 Bc5+ 0-1